Marketing research

Salvato in:
Dettagli Bibliografici
Autore principale: Aaker, David A.
Altri autori: Kumar, V., Day, George S.
Natura: Libro
Lingua:inglese
Pubblicazione: Hoboken John Wiley & Sons, Inc. 2004
Edizione:8. ed.
Soggetti:
Tags: Aggiungi Tag
Nessun Tag, puoi essere il primo ad aggiungerne!!

MARC

LEADER 00000nam$a2200000$$$4500
001 0010277
005 20220906105928.3
020 |a 0-471-45168-1 
041 0 |a eng 
245 1 0 |a Marketing research  |c David A. Aaker, V. Kumar, George S. Day 
250 |a 8. ed. 
264 1 |a Hoboken  |b John Wiley & Sons, Inc.  |c 2004 
300 |a 774 s. 
610 2 0 |a marketing 
610 2 0 |a výskum 
610 2 0 |a inteligencia 
610 2 0 |a dáta 
610 2 0 |a analýzy 
610 2 0 |a teória štatistiky 
610 2 0 |a hypotézy 
610 2 0 |a korelácia 
610 2 0 |a regresia 
610 2 0 |a obchod elektronický 
100 1 |a Aaker, David A. 
700 1 |a Kumar, V. 
700 1 |a Day, George S.